| 000 | 00685nam a2200217 u 4500 | ||
|---|---|---|---|
| 005 | 20230330063603.0 | ||
| 008 | 090603s2003 es r 000 0 spa d | ||
| 020 | _a8497270525 | ||
| 035 | _aUPN01000170898 | ||
| 049 | _aCG | ||
| 050 | 4 |
_aLB3012 _bC3.6 |
|
| 100 | 1 |
_aCalvo Rodríguez, Angel Regino _936572 |
|
| 245 | 1 | 0 |
_aProblemas de convivencia en los centros educativos : _banálisis e intervención / _cAngel R. Calvo Rodríguez. |
| 260 |
_aMadrid : _bEOS, _c2003. |
||
| 300 |
_a178 p. : _btablas |
||
| 440 | 0 | _aFundamentos psicopedagógicos | |
| 650 | 4 |
_aDisciplina escolar _91521 |
|
| 650 | 2 |
_aIntervención educativa _94972 |
|
| 650 | 2 |
_aConvivencia _99111 |
|
| 905 | _aLibro | ||
| 999 |
_c143003 _d143003 |
||